[Event "4eme open Provence A"]
[Site "Salon"]
[Date "2013.07.09"]
[Round "6"]
[White "Merenciano, Alexandre"]
[Black "Feraud, Guillaume"]
[Result "1-0"]
[WhiteElo "1877"]
[BlackElo "1706"]
[PlyCount "87"]

1. e4 e5 2. Nf3 Nc6 3. d4 exd4 4. Bc4 Nf6 5. O-O Nxe4 6. Re1 d5 7. Bxd5 Qxd5 8.
Nc3 Qh5 9. Nxe4 Be7 10. Bg5 Be6 11. Bxe7 Nxe7 12. Qxd4 O-O 13. Qc5 Nd5 14. Ng3
Qg6 15. c4 b6 16. Qa3 Nf4 17. Re5 c5 18. Qe3 Qh6 19. Nf5 Bxf5 20. Rxf5 Ne6 21.
Qxh6 gxh6 22. Rh5 Kg7 23. Nh4 Nd4 {(=)} 24. Kf1 Rfe8 25. Rd1 Re6 26. Nf5+ Nxf5
27. Rxf5 Rae8 28. Rfd5 Re2 29. R1d2 Rxd2 30. Rxd2 Re7 31. g3 Kf6 32. f4 h5 33.
Kf2 Re4 34. b3 Rd4 35. Rxd4 cxd4 36. Ke2 Kf5 37. Kd3 Kg4 38. b4 Kh3 39. c5 bxc5
40. bxc5 Kxh2 41. c6 Kxg3 42. c7 h4 43. c8=Q h3 44. Qg8+ 1-0

[Event "4eme open Provence A"]
[Site "Salon"]
[Date "2013.07.09"]
[Round "6"]
[White "Benavides, Jeremy"]
[Black "Charvein, Gabriel"]
[Result "1/2-1/2"]
[WhiteElo "1788"]
[BlackElo "1870"]
[PlyCount "69"]

1. e4 c6 2. d4 d5 3. Nc3 dxe4 4. Nxe4 Bf5 5. Nc5 Qc7 6. Bd3 Bxd3 7. Nxd3 e6 8.
Bg5 Bd6 9. Nf3 Nd7 10. O-O Ngf6 11. Re1 h6 12. Bxf6 gxf6 13. c4 O-O-O 14. Qa4
Kb8 15. c5 Bf8 16. b4 Ka8 17. b5 cxb5 18. Qxb5 Nb8 19. a4 Nc6 20. a5 a6 21. Qc4
Bg7 22. Nb4 Nxb4 23. Qxb4 Rd5 24. Rab1 Rhd8 25. Qb6 Qxb6 26. Rxb6 Rc8 27. Reb1
Rd7 28. Kf1 e5 29. dxe5 fxe5 30. c6 Rxc6 31. Rxc6 bxc6 32. Rb6 Rd6 33. Rxa6+
Kb7 34. Rb6+ Kc7 35. Rb1 1/2-1/2

[Event "4eme open Provence A"]
[Site "Salon"]
[Date "2013.07.09"]
[Round "6"]
[White "Danielan, Kevin"]
[Black "Poletti, Fausto"]
[Result "0-1"]
[WhiteElo "1774"]
[BlackElo "1920"]
[PlyCount "110"]

1. d4 Nf6 2. c4 g6 3. Nc3 Bg7 4. e4 d6 5. Nf3 O-O 6. Be2 Na6 7. O-O e5 8. h3
Qe8 9. d5 Nd7 10. a3 f5 11. b4 f4 12. Ng5 Nf6 13. Bg4 Nxg4 14. hxg4 h6 15. Nh3
Bd7 16. f3 Qe7 17. Nf2 Bf6 18. Re1 Kg7 19. Kf1 Bh4 20. Ke2 Bxf2 21. Kxf2 h5 22.
gxh5 Qh4+ 23. Ke2 Qxh5 24. Rh1 Qg5 25. Qg1 Qf6 26. Qf2 g5 27. Bd2 g4 28. Qh4
Qxh4 29. Rxh4 g3 30. Rah1 Rh8 31. Rxh8 Rxh8 32. Rxh8 Kxh8 33. Nb5 Bxb5 34. cxb5
Nb8 35. a4 Kg8 36. a5 Kf7 37. Kd3 Ke8 38. Kc4 Kd7 39. Bc3 Kc8 40. Bd2 Nd7 41.
Be1 Nf8 42. Kd3 Kd7 43. Bd2 Ng6 44. Ke2 Ne7 45. Kd3 c6 46. bxc6+ bxc6 47. dxc6+
Kxc6 48. Kc4 a6 49. Bc1 Ng6 50. Ba3 Nh4 51. b5+ axb5+ 52. Kd3 Nxg2 53. Ke2 Ne3
54. a6 Nc4 55. a7 Kb7 0-1

[Event "4eme open Provence A"]
[Site "Salon"]
[Date "2013.07.09"]
[Round "6"]
[White "Colandrea, Sauveur"]
[Black "Le Floch, Xavier"]
[Result "0-1"]
[WhiteElo "1762"]
[BlackElo "1738"]
[PlyCount "38"]

1. e4 d5 2. exd5 Nf6 3. d4 Bg4 4. f3 Bf5 5. c4 e6 6. dxe6 Nc6 7. exf7+ Kxf7 8.
d5 Nb4 9. Na3 Bc5 10. Be2 Re8 11. Kf1 Rxe2 12. Nxe2 Bd3 13. Nb5 Ne4 14. a3 Qh4
15. Qe1 Bf2 16. Qxb4 Bc5 17. Qe1 Bf2 18. Bg5 Qxg5 19. h4 Qe3 0-1

[Event "4eme open Provence A"]
[Site "Salon"]
[Date "2013.07.09"]
[Round "6"]
[White "Catot, Olivier"]
[Black "Massardo, Quentin"]
[Result "0-1"]
[WhiteElo "1559"]
[BlackElo "1759"]
[PlyCount "42"]

1. d4 Nf6 2. Nf3 c5 3. e3 b6 4. Nbd2 d5 5. b3 a6 6. Bd3 Nc6 7. a3 Bg4 8. Bb2 e6
9. O-O Bd6 10. Qe1 Qc7 11. Rc1 h5 12. c4 dxc4 13. bxc4 Rd8 14. d5 exd5 15. Bxf6
gxf6 16. cxd5 Ne7 17. e4 b5 18. h3 c4 19. Nh4 Bc5 20. hxg4 hxg4 21. g3 Qxg3+
0-1

[Event "4eme open Provence A"]
[Site "Salon"]
[Date "2013.07.09"]
[Round "6"]
[White "Amoros, Jean"]
[Black "Kavciyan, Yega"]
[Result "1-0"]
[WhiteElo "1460"]
[BlackElo "1657"]
[PlyCount "43"]

1. e4 c5 2. Nf3 Nc6 3. Nc3 Nf6 4. Bc4 e6 5. a3 d5 6. exd5 exd5 7. Ba2 Bg4 8. d3
h6 9. h3 Bh5 10. g4 Nxg4 11. hxg4 Bxg4 12. Bxd5 Nd4 13. Bxf7+ Kxf7 14. Ne5+ Kg8
15. Nxg4 Qb6 16. Ne3 Re8 17. Ncd5 Qc6 18. c4 Qg6 19. Kf1 Bd6 20. Qg4 Qxd3+ 21.
Kg2 Kh7 22. Rxh6+ 1-0

[Event "4eme open Provence A"]
[Site "Salon"]
[Date "2013.07.09"]
[Round "6"]
[White "Porte, Jacques"]
[Black "Busson, Benoist"]
[Result "0-1"]
[WhiteElo "1535"]
[BlackElo "1972"]
[PlyCount "56"]

1. e4 e5 2. Nf3 Nc6 3. Bb5 f5 4. Nc3 fxe4 5. Nxe4 Nf6 6. d3 d5 7. Nxf6+ Qxf6 8.
O-O Bg4 9. Bg5 Bxf3 10. Bxf6 Bxd1 11. Bxc6+ bxc6 12. Bxe5 Bh5 13. Bxc7 Kd7 14.
Be5 Rg8 15. c4 Bd6 16. Bc3 Be2 17. Rfe1 Bxd3 18. cxd5 c5 19. Rad1 c4 20. Rd2
Rge8 21. Rc1 Bf4 22. Rxd3 cxd3 23. Rd1 d2 24. g3 Re1+ 25. Rxe1 dxe1=Q+ 26. Bxe1
Be5 27. b3 Rc8 28. Bd2 Bd4 0-1

[Event "4eme open Provence A"]
[Site "Salon"]
[Date "2013.07.10"]
[Round "7"]
[White "Kolb, Sebastien"]
[Black "Saez, Frederic"]
[Result "0-1"]
[WhiteElo "2049"]
[BlackElo "2290"]
[PlyCount "82"]

1. e4 e6 2. d4 d5 3. Nd2 Nf6 4. e5 Nfd7 5. f4 c5 6. c3 Nc6 7. Ndf3 Qb6 8. a3
Be7 9. Ne2 cxd4 10. cxd4 f6 11. Nc3 O-O 12. Na4 Qd8 13. Bd3 a6 14. O-O b5 15.
Nc3 f5 16. Kh1 Nb6 17. Rg1 b4 18. Ne2 bxa3 19. bxa3 a5 20. g4 Ba6 21. Bb1 Kh8
22. gxf5 exf5 23. Ng3 g6 24. Ra2 Bc8 25. Rag2 Nc4 26. Ne2 Rg8 27. Ng5 Qf8 28.
h4 Nd8 29. h5 Bxg5 30. Rxg5 Nf7 31. R5g2 Nh6 32. hxg6 Ng4 33. Rxg4 fxg4 34.
gxh7 Qh6+ 35. Kg2 Qh3+ 36. Kf2 Qf3+ 37. Ke1 Rf8 38. Qd3 Rb8 39. Rf1 Qg2 40. f5
Ba6 41. Rg1 Qh2 0-1

[Event "4eme open Provence A"]
[Site "Salon"]
[Date "2013.07.10"]
[Round "7"]
[White "Brongers, Henk"]
[Black "Chauvet, Vincent"]
[Result "1-0"]
[WhiteElo "2082"]
[BlackElo "2134"]
[PlyCount "101"]

1. e4 e5 2. Nf3 Nc6 3. Bc4 Nf6 4. d3 Be7 5. Nbd2 O-O 6. Bb3 d6 7. c3 Na5 8. Bc2
c5 9. Nf1 Nc6 10. Ng3 Be6 11. O-O Rc8 12. h3 Nd7 13. Nh2 Bg5 14. f4 Bxf4 15.
Bxf4 exf4 16. Rxf4 Qg5 17. Qf3 Nde5 18. Qf2 Ng6 19. Rf3 Nce5 20. Re3 f5 21.
exf5 Bxf5 22. Nf3 Nxf3+ 23. Rxf3 Be6 24. Ne4 Qe7 25. Re1 Rxf3 26. Qxf3 Rf8 27.
Qg3 Nf4 28. Ng5 Qd7 29. Nxe6 Nxe6 30. Bb3 d5 31. Qg4 Rf6 32. Re5 c4 33. dxc4
Rg6 34. Rxd5 Qf7 35. Qe4 Qf4 36. Rd8+ Kf7 37. Qxb7+ Kf6 38. Rd1 Qe3+ 39. Kh1
Rg3 40. Rf1+ Kg6 41. Bc2+ Kh6 42. Qe4 Qxe4 43. Bxe4 Re3 44. Bd5 Ng5 45. c5 Ne4
46. Bxe4 Rxe4 47. Rd1 Rc4 48. Rd6+ g6 49. c6 a5 50. Kg1 a4 51. Rd4 1-0

[Event "4eme open Provence A"]
[Site "Salon"]
[Date "2013.07.10"]
[Round "7"]
[White "Petrossian, Armen"]
[Black "Merenciano, Alexandre"]
[Result "1-0"]
[WhiteElo "2409"]
[BlackElo "1877"]
[PlyCount "81"]

1. e4 c6 2. d4 d5 3. exd5 cxd5 4. Bd3 Nc6 5. c3 g6 6. Nf3 Bg7 7. Bf4 Nf6 8. h3
O-O 9. O-O Bf5 10. Bxf5 gxf5 11. Ne5 Nd7 12. Nd3 e5 13. dxe5 Ncxe5 14. Nxe5
Bxe5 15. Bh6 Re8 16. Qxd5 Re6 17. Be3 f4 18. Bd4 Nf6 19. Qf3 Bxd4 20. cxd4 Qxd4
21. Qxb7 Rae8 22. Nc3 Ne4 23. Nxe4 Rxe4 24. Rad1 Qf6 25. Rd3 a5 26. Qb5 R8e5
27. Qd7 Rg5 28. Rd5 Ree5 29. Rxe5 Qxe5 30. Qd3 Rf5 31. Rd1 f3 32. g3 Qe6 33.
Qc3 Rf6 34. Kh2 Kg7 35. Rd4 h5 36. Rf4 Kg6 37. Rxf6+ Qxf6 38. Qxf6+ Kxf6 39. h4
Ke5 40. g4 hxg4 41. Kg3 1-0

[Event "4eme open Provence A"]
[Site "Salon"]
[Date "2013.07.10"]
[Round "7"]
[White "Dudognon, Thibault"]
[Black "Benavides, Jeremy"]
[Result "1-0"]
[WhiteElo "1984"]
[BlackElo "1788"]
[PlyCount "89"]

1. e4 c5 2. Nf3 d6 3. d4 cxd4 4. Nxd4 Nf6 5. Nc3 a6 6. g3 e5 7. Nde2 Be7 8. h3
Be6 9. Bg2 O-O 10. g4 Qc7 11. O-O Nc6 12. Ng3 b5 13. Kh2 Rac8 14. a3 h6 15. Nd5
Bxd5 16. exd5 Na5 17. c3 Rfe8 18. f4 exf4 19. Rxf4 Nc4 20. Nf5 Bd8 21. a4 Nh7
22. axb5 axb5 23. Re4 Bf6 24. Rxe8+ Rxe8 25. Bf3 Qc5 26. Qg1 Qxg1+ 27. Kxg1 Ng5
28. Bxg5 hxg5 29. Ra2 Re1+ 30. Kf2 Rb1 31. Be2 Nxb2 32. Nxd6 Nd1+ 33. Kf3 g6
34. Ra8+ Kh7 35. Ne4 Be5 36. d6 Bxd6 37. Nxd6 Nxc3 38. Nxf7 Nxe2 39. Kxe2 Kg7
40. Nxg5 Rb3 41. Ra6 b4 42. Rb6 Kh6 43. h4 Rb2+ 44. Kf3 b3 45. Rb7 1-0

[Event "4eme open Provence A"]
[Site "Salon"]
[Date "2013.07.10"]
[Round "7"]
[White "Poletti, Fausto"]
[Black "Charvein, Gabriel"]
[Result "1-0"]
[WhiteElo "1920"]
[BlackElo "1870"]
[PlyCount "71"]

1. c4 Nf6 2. Nc3 g6 3. g3 Bg7 4. Bg2 O-O 5. e4 d6 6. Nge2 e5 7. O-O Be6 8. d3
Qd7 9. Nd5 Bh3 10. Bh6 Nxd5 11. Bxg7 Bxg2 12. Kxg2 Kxg7 13. cxd5 f5 14. f4 c6
15. Nc3 Na6 16. Qe2 Rae8 17. fxe5 Rxe5 18. Qf2 Nc5 19. Qd4 Kg8 20. b4 Na6 21.
Qc4 cxd5 22. Nxd5 Kg7 23. Rac1 Rf7 24. Rc2 Qa4 25. Rcf2 Qd7 26. Qd4 Nb8 27. Ne3
Nc6 28. Qc3 Ne7 29. Nc4 Kg8 30. Nxe5 dxe5 31. Qb3 Kf8 32. b5 f4 33. a4 Nc8 34.
Qb4+ Kg8 35. Qc5 Qxd3 36. Qxc8+ 1-0

[Event "4eme open Provence A"]
[Site "Salon"]
[Date "2013.07.10"]
[Round "7"]
[White "Feraud, Guillaume"]
[Black "Faure, Alexandre"]
[Result "1/2-1/2"]
[WhiteElo "1706"]
[BlackElo "1872"]
[PlyCount "61"]

1. d4 Nf6 2. c4 g6 3. Nc3 d5 4. cxd5 Nxd5 5. e4 Nxc3 6. bxc3 Bg7 7. Nf3 c5 8.
Rb1 O-O 9. Be2 Nc6 10. d5 Ne5 11. Qb3 Qc7 12. c4 f5 13. Nxe5 Qxe5 14. f3 fxe4
15. O-O exf3 16. Bxf3 Bf5 17. Bb2 Qd6 18. Bxg7 Kxg7 19. Rbd1 Rab8 20. Rfe1 a6
21. a4 Bd7 22. Re3 b5 23. axb5 axb5 24. Rde1 Rfe8 25. cxb5 Rxb5 26. Qd3 Rb6 27.
Qc3+ Kf7 28. Rc1 Rc8 29. Rce1 Re8 30. Rc1 Rc8 31. Rce1 1/2-1/2

[Event "4eme open Provence A"]
[Site "Salon"]
[Date "2013.07.10"]
[Round "7"]
[White "Massardo, Quentin"]
[Black "Eisenberg, Philippe"]
[Result "1-0"]
[WhiteElo "1759"]
[BlackElo "1610"]
[PlyCount "43"]

1. d4 f5 2. c4 Nf6 3. Nf3 e6 4. g3 d5 5. Bg2 c6 6. O-O Bd6 7. Nc3 O-O 8. Qb3
Nbd7 9. Ng5 Qe7 10. cxd5 exd5 11. e4 fxe4 12. Ncxe4 Kh8 13. Nxd6 Qxd6 14. Bf4
Qe7 15. Rfe1 Qd8 16. Ne6 Qa5 17. Nxf8 Nxf8 18. Bd6 Ne6 19. Be5 Ng8 20. Bh3 Nxd4
21. Bxd4 Bxh3 22. Qxb7 1-0

[Event "4eme open Provence A"]
[Site "Salon"]
[Date "2013.07.10"]
[Round "7"]
[White "Le Floch, Xavier"]
[Black "Danielan, Kevin"]
[Result "0-1"]
[WhiteElo "1738"]
[BlackElo "1774"]
[PlyCount "102"]

1. e4 e6 2. Nf3 d5 3. e5 c5 4. b4 cxb4 5. d4 Nc6 6. a3 bxa3 7. Nxa3 Bd7 8. Bd3
Bb4+ 9. Bd2 Bxd2+ 10. Qxd2 Nge7 11. c3 a6 12. O-O b5 13. Ra2 O-O 14. Rfa1 Na5
15. Qc2 h6 16. Nb1 Nec6 17. Nbd2 Bc8 18. Nb3 Nxb3 19. Qxb3 Bb7 20. Nd2 f6 21.
f4 fxe5 22. fxe5 Qg5 23. Nf1 Rad8 24. Rf2 Rxf2 25. Kxf2 Qf4+ 26. Kg1 Nxd4 27.
Qd1 Nc6 28. Bc2 Nxe5 29. Qe2 Qf6 30. Re1 Nc4 31. Qd3 Qf5 32. Qe2 Qf6 33. Qd3 g6
34. Ng3 e5 35. Rf1 Qb6+ 36. Kh1 e4 37. Qe2 Rf8 38. Rxf8+ Kxf8 39. Qf1+ Kg7 40.
Qf4 Qe6 41. h4 Qe5 42. Qg4 h5 43. Qd7+ Kh6 44. Qd8 Qxc3 45. Nf5+ gxf5 46. Qg5+
Kh7 47. Qxf5+ Kg7 48. Qg5+ Kf7 49. Qxh5+ Ke7 50. Qh7+ Kd6 51. Qg6+ Kc5 0-1

[Event "4eme open Provence A"]
[Site "Salon"]
[Date "2013.07.10"]
[Round "7"]
[White "Busson, Benoist"]
[Black "Amoros, Jean"]
[Result "1-0"]
[WhiteElo "1972"]
[BlackElo "1460"]
[PlyCount "61"]

1. e4 b6 2. d4 Bb7 3. Bd3 e6 4. Nf3 d5 5. e5 c5 6. c3 c4 7. Bc2 a6 8. O-O Nc6
9. Ng5 g6 10. f4 Qd7 11. g4 f5 12. gxf5 gxf5 13. Qh5+ Kd8 14. Nf7+ Kc7 15. Nxh8
Qg7+ 16. Kf2 Nh6 17. Rg1 Qxh8 18. h3 Bg7 19. Nd2 Rg8 20. Nf3 Bf8 21. Be3 Ne7
22. Ng5 Rg6 23. Bd1 Bc8 24. Qh4 Ng4+ 25. hxg4 Rh6 26. Nf7 Rxh4 27. Nxh8 Rh2+
28. Rg2 Rxg2+ 29. Kxg2 Bg7 30. Nf7 h6 31. Nd6 1-0

[Event "4eme open Provence A"]
[Site "Salon"]
[Date "2013.07.10"]
[Round "7"]
[White "Kavciyan, Yega"]
[Black "Catot, Olivier"]
[Result "1-0"]
[WhiteElo "1657"]
[BlackElo "1559"]
[PlyCount "73"]

1. e4 e6 2. d4 d5 3. e5 c5 4. c3 Nc6 5. Nf3 Qb6 6. dxc5 Bxc5 7. Qc2 Bd7 8. Bd3
Qc7 9. Bf4 Nge7 10. Qe2 Ng6 11. Bg3 a6 12. Nbd2 Be7 13. O-O O-O 14. Bc2 Na5 15.
Rfe1 Bb5 16. Qd1 Nc4 17. Nxc4 Bxc4 18. h4 Qd8 19. Nd4 Nxh4 20. Bxh4 Bxh4 21. g3
Bg5 22. f4 Bh6 23. Qh5 Bb5 24. g4 Be8 25. Qh3 f6 26. exf6 Qxf6 27. g5 Qxf4 28.
gxh6 Qg5+ 29. Kh1 Rf6 30. Rxe6 Bd7 31. hxg7 Qxg7 32. Qxh7+ Qxh7+ 33. Bxh7+ Kxh7
34. Rxf6 Kg7 35. Raf1 Bc6 36. Nxc6 bxc6 37. Rxc6 1-0

[Event "4eme open Provence A"]
[Site "Salon"]
[Date "2013.07.10"]
[Round "7"]
[White "Porte, Jacques"]
[Black "Chabeaudy, Matthieu"]
[Result "0-1"]
[WhiteElo "1535"]
[BlackElo "1716"]
[PlyCount "66"]

1. e4 d6 2. Nf3 Nf6 3. Nc3 g6 4. Be2 Bg7 5. d3 O-O 6. O-O c5 7. Bd2 Nc6 8. h3
a6 9. Qc1 Re8 10. Re1 b5 11. Nd5 Nd7 12. c3 e6 13. Bg5 f6 14. Nxf6+ Bxf6 15.
Be3 Nde5 16. Nxe5 Nxe5 17. f4 Nf7 18. Bf3 Ra7 19. e5 Be7 20. d4 Qc7 21. Qc2
cxd4 22. Bxd4 dxe5 23. fxe5 Bc5 24. Bxc5 Qxc5+ 25. Kh1 Nxe5 26. Qe4 Nxf3 27.
Qxf3 Rf7 28. Qd3 Bb7 29. Re2 Ref8 30. Ree1 Rf2 31. Rg1 Qg5 32. Kh2 Rxg2+ 33.
Kh1 Rgf2+ 0-1

[Event "4eme open Provence A"]
[Site "Salon"]
[Date "2013.07.11"]
[Round "8"]
[White "Saez, Frederic"]
[Black "Dudognon, Thibault"]
[Result "1/2-1/2"]
[WhiteElo "2290"]
[BlackElo "1984"]
[PlyCount "119"]

1. e4 c6 2. Ne2 d5 3. e5 Bf5 4. Ng3 Bg6 5. h4 h6 6. h5 Bh7 7. e6 Qd6 8. exf7+
Kxf7 9. d4 e5 10. Be2 exd4 11. O-O Nf6 12. Bd3 Be7 13. Re1 Ne4 14. Nxe4 Bxe4
15. Bxe4 dxe4 16. Rxe4 Rd8 17. Bf4 Qd5 18. Re5 Qd7 19. Qd3 Bf6 20. Qg6+ Kg8 21.
Rf5 Qf7 22. Nd2 Qxg6 23. hxg6 Rd5 24. Rxf6 gxf6 25. Re1 Nd7 26. Re7 Nc5 27. b4
Rd7 28. Rf7 Rxf7 29. gxf7+ Kxf7 30. bxc5 Kg6 31. Nb3 Re8 32. Kf1 Re4 33. g3 d3
34. cxd3 Ra4 35. Nc1 h5 36. Be3 Kf5 37. Ke2 Kg4 38. Kd2 f5 39. d4 f4 40. Bxf4
h4 41. Bb8 h3 42. f3+ Kxf3 43. g4 Rxd4+ 44. Kc3 Rxg4 45. Nd3 Kg2 46. Ne1+ Kf2
47. Kd2 Ra4 48. Nd3+ Kf1 49. Nc1 Kg2 50. Kc3 h2 51. Bxh2 Kxh2 52. Kb3 Rg4 53.
Nd3 Rg3 54. Kc4 Rxd3 55. Kxd3 Kg2 56. Ke2 Kg1 57. Ke1 b6 58. cxb6 axb6 59. a4
c5 60. Ke2 1/2-1/2

[Event "4eme open Provence A"]
[Site "Salon"]
[Date "2013.07.11"]
[Round "8"]
[White "Petrossian, Armen"]
[Black "Kolb, Sebastien"]
[Result "1-0"]
[WhiteElo "2409"]
[BlackElo "2049"]
[PlyCount "71"]

1. e4 c5 2. Nf3 Nc6 3. Bb5 Nf6 4. Nc3 g6 5. h3 Bg7 6. e5 Ng8 7. Bxc6 dxc6 8. d3
Nh6 9. g4 b6 10. Bf4 f5 11. exf6 exf6 12. Qe2+ Qe7 13. Qxe7+ Kxe7 14. O-O-O Rd8
15. d4 g5 16. Bg3 Nxg4 17. hxg4 Bxg4 18. Rde1+ Kf7 19. Nh2 cxd4 20. Nxg4 dxc3
21. Rxh7 cxb2+ 22. Kb1 Re8 23. Rhh1 Rad8 24. Ne3 Kg6 25. Nc4 b5 26. Nxb2 f5 27.
f4 Rxe1+ 28. Rxe1 Rd4 29. Nd3 g4 30. Re6+ Kf7 31. Rxc6 Re4 32. Ne5+ Bxe5 33.
fxe5 f4 34. Rf6+ Ke7 35. Rxf4 Rxe5 36. Rxg4 1-0

[Event "4eme open Provence A"]
[Site "Salon"]
[Date "2013.07.11"]
[Round "8"]
[White "Chauvet, Vincent"]
[Black "Poletti, Fausto"]
[Result "1-0"]
[WhiteElo "2134"]
[BlackElo "1920"]
[PlyCount "89"]

1. d4 Nf6 2. c4 g6 3. Nc3 Bg7 4. e4 d6 5. Nge2 O-O 6. f3 e5 7. d5 Ne8 8. Be3 f5
9. Qd2 f4 10. Bf2 g5 11. O-O-O Kh8 12. Kb1 g4 13. Nc1 b6 14. Nd3 a5 15. Be2 Na6
16. fxg4 Nf6 17. h3 Qe8 18. Bf3 Bh6 19. Rhe1 Qg6 20. Nb5 Bd7 21. a3 Rfc8 22.
Ka2 Qe8 23. Bh4 Bg7 24. a4 Ng8 25. Kb1 Ne7 26. Bf2 Rcb8 27. g3 fxg3 28. Bxg3
Qg6 29. Bh4 Bh6 30. g5 Bg7 31. Qe2 Qf7 32. Bg4 Ng6 33. Bg3 Qe7 34. h4 Rf8 35.
Bxd7 Qxd7 36. h5 Nf4 37. Bxf4 exf4 38. e5 Qf5 39. exd6 cxd6 40. Nxd6 Qxg5 41.
Qe6 Qf6 42. Ne5 Nc5 43. Nef7+ Kg8 44. Nh6+ Kh8 45. Qg8+ 1-0

[Event "4eme open Provence A"]
[Site "Salon"]
[Date "2013.07.11"]
[Round "8"]
[White "Brongers, Henk"]
[Black "Massardo, Quentin"]
[Result "1-0"]
[WhiteElo "2082"]
[BlackElo "1759"]
[PlyCount "111"]

1. e4 Nf6 2. e5 Nd5 3. d4 d6 4. c4 Nb6 5. exd6 cxd6 6. Nc3 g6 7. Be3 Bg7 8. Rc1
O-O 9. b3 Nc6 10. d5 Ne5 11. Be2 h5 12. h3 e6 13. dxe6 Bxe6 14. Nb5 Nc8 15. Nf3
a6 16. Nbd4 Bd7 17. O-O Ne7 18. Bg5 f6 19. Bd2 N7c6 20. Bc3 Nxf3+ 21. Bxf3 Nxd4
22. Qxd4 Bc6 23. Bxc6 bxc6 24. Rcd1 d5 25. cxd5 cxd5 26. Rfe1 Rc8 27. Bb4 Rf7
28. Qxd5 Qxd5 29. Rxd5 Rb7 30. Rc5 Rbc7 31. Rxc7 Rxc7 32. Re6 Ra7 33. Ba5 Kf7
34. Rc6 Bh6 35. Bc3 Bg7 36. Bd4 Ra8 37. Rc7+ Kg8 38. Kf1 Rd8 39. Bc3 Rd1+ 40.
Ke2 Rc1 41. a4 Rc2+ 42. Kf3 g5 43. b4 Bf8 44. b5 axb5 45. axb5 Bd6 46. Rc8+ Kf7
47. b6 f5 48. b7 g4+ 49. hxg4 hxg4+ 50. Ke3 f4+ 51. Ke4 g3 52. f3 Rxg2 53. Kd5
Ke7 54. Re8+ Kd7 55. Rd8+ Kc7 56. b8=Q# 1-0

[Event "4eme open Provence A"]
[Site "Salon"]
[Date "2013.07.11"]
[Round "8"]
[White "Danielan, Kevin"]
[Black "Merenciano, Alexandre"]
[Result "1/2-1/2"]
[WhiteElo "1774"]
[BlackElo "1877"]
[PlyCount "78"]

1. d4 Nf6 2. c4 g6 3. Nc3 d5 4. cxd5 Nxd5 5. e4 Nxc3 6. bxc3 Bg7 7. Bc4 O-O 8.
Ne2 c5 9. O-O Nc6 10. Be3 cxd4 11. cxd4 Qa5 12. Rc1 e6 13. Qb3 Qh5 14. Nf4 Qh4
15. g3 Qe7 16. d5 Na5 17. Qa4 Nxc4 18. Qxc4 Re8 19. f3 g5 20. Nh5 exd5 21. Qxd5
Be6 22. Qxg5 Qxg5 23. Bxg5 Bxa2 24. Nf6+ Bxf6 25. Bxf6 b5 26. Rc5 Re6 27. Rg5+
Kf8 28. e5 a5 29. Rg7 Raa6 30. Rxh7 Rxf6 31. exf6 Rxf6 32. Ra1 Bc4 33. Rxa5
Rxf3 34. Rh5 Rb3 35. g4 b4 36. Rhe5 Rb1+ 37. Kf2 b3 38. Ra8+ Kg7 39. Re1 Rb2+
1/2-1/2

[Event "4eme open Provence A"]
[Site "Salon"]
[Date "2013.07.11"]
[Round "8"]
[White "Charvein, Gabriel"]
[Black "Feraud, Guillaume"]
[Result "1/2-1/2"]
[WhiteElo "1870"]
[BlackElo "1706"]
[PlyCount "62"]

1. d4 Nf6 2. Bg5 d5 3. Nf3 e6 4. e3 Be7 5. c4 b6 6. cxd5 Nxd5 7. Bxe7 Qxe7 8.
Nc3 Nxc3 9. bxc3 O-O 10. Bd3 Bb7 11. O-O c5 12. Qc2 h6 13. Ne5 Nc6 14. f4 Rac8
15. Nxc6 Bxc6 16. Qf2 cxd4 17. cxd4 Qb7 18. Qe2 Qa8 19. Ba6 Bb7 20. Bxb7 Qxb7
21. Qg4 Qe4 22. Qf3 {(=)} Qxf3 23. Rxf3 Rc2 24. Rf2 Rfc8 25. Kf1 Kf8 26. Re1
Ke7 27. Rxc2 Rxc2 28. Re2 Rc1+ 29. Kf2 Kd6 30. e4 Rc3 31. Re3 Rc2+ 1/2-1/2

[Event "4eme open Provence A"]
[Site "Salon"]
[Date "2013.07.11"]
[Round "8"]
[White "Chabeaudy, Matthieu"]
[Black "Kavciyan, Yega"]
[Result "1-0"]
[WhiteElo "1716"]
[BlackElo "1657"]
[PlyCount "69"]

1. d4 Nf6 2. c4 g6 3. Nc3 Bg7 4. Nf3 d6 5. g3 O-O 6. Bg2 Nbd7 7. O-O c6 8. e4
e5 9. d5 c5 10. Qc2 Ne8 11. Be3 f5 12. Ng5 Nb6 13. Ne6 Bxe6 14. dxe6 f4 15.
Bxc5 dxc5 16. Rad1 Qg5 17. Nd5 f3 18. Bh1 Nc8 19. Qa4 Ned6 20. Qd7 Qg4 21. Nc7
Rb8 22. Rxd6 Nxd6 23. Qxd6 Bf6 24. e7 Bxe7 25. Qxe7 Qxe4 26. Ne6 Rf7 27. Qxc5
h6 28. Rd1 Re8 29. Qd5 Qe2 30. Nd8 Ree7 31. Nxf7 Rxf7 32. Qd2 Qxc4 33. Qxh6 Qc7
34. Qxg6+ Kf8 35. Qd6+ 1-0

[Event "4eme open Provence A"]
[Site "Salon"]
[Date "2013.07.11"]
[Round "8"]
[White "Amoros, Jean"]
[Black "Colandrea, Sauveur"]
[Result "0-1"]
[WhiteElo "1460"]
[BlackElo "1762"]
[PlyCount "48"]

1. e4 e5 2. Nf3 Nc6 3. Bc4 Nf6 4. Nc3 Nxe4 5. Nxe4 d5 6. Bxd5 Qxd5 7. d3 Bg4 8.
O-O O-O-O 9. Nc3 Qd7 10. Be3 f5 11. a3 Nd4 12. Nxe5 Bxd1 13. Nxd7 Bxc2 14. Ne5
Nb3 15. Nf7 Be7 16. Rae1 Bxd3 17. Nxh8 Rxh8 18. Bxa7 Bf6 19. Be3 Nd4 20. Rd1
Bxf1 21. Kxf1 Nc6 22. g3 Na5 23. Rd5 {(=)} Nc4 24. b3 Nxe3+ 0-1

[Event "4eme open Provence A"]
[Site "Salon"]
[Date "2013.07.11"]
[Round "8"]
[White "Catot, Olivier"]
[Black "Le Floch, Xavier"]
[Result "1/2-1/2"]
[WhiteElo "1559"]
[BlackElo "1738"]
[PlyCount "138"]

1. d4 Nf6 2. Nf3 c5 3. e3 e6 4. Bd3 d5 5. c3 Be7 6. Nbd2 O-O 7. Ne5 Nbd7 8. f4
h6 9. O-O Nh7 10. Qh5 Ndf6 11. Qe2 b6 12. Nc6 Qc7 13. Nxe7+ Qxe7 14. Nf3 Ne4
15. Ne5 Bd7 16. Bd2 c4 17. Bc2 Qe8 18. a4 f6 19. Nf3 a6 20. Be1 b5 21. a5 Qe7
22. Nd2 f5 23. Nf3 Be8 24. Ne5 Qd6 25. Kh1 Nhf6 26. Bd1 Nd7 27. Rg1 Nxe5 28.
dxe5 Qe7 29. g4 Bg6 30. h4 Kf7 31. Qg2 Ke8 32. gxf5 Bxf5 33. Qxg7 Ra7 34. Qxe7+
Rxe7 35. Bh5+ Kd7 36. Bg6 Kc7 37. h5 Rg7 38. Bxf5 Rxg1+ 39. Kxg1 exf5 40. Bh4
Rg8+ 41. Kh2 Rg4 42. Be7 Kd7 43. Bb4 Rh4+ 44. Kg2 Rxh5 45. Rg1 Rh4 46. Rd1 Rg4+
47. Kh2 Ke6 48. Bf8 h5 49. Rg1 Nd2 50. Rxg4 hxg4 51. Bh6 Nf1+ 52. Kg1 Nxe3 53.
Bg5 Nd1 54. Bh4 Nxb2 55. Kf1 Nd1 56. Be1 Nb2 57. Ke2 Nd3 58. Bd2 Nc5 59. Be1
Nb3 60. Bf2 Nxa5 61. Kd1 Nb3 62. Kc2 Nc5 63. Bxc5 a5 64. Kb2 g3 65. Ka3 g2 66.
Kb2 b4 67. cxb4 axb4 68. Bd4 b3 69. Kc3 Kf7 1/2-1/2

[Event "4eme open Provence A"]
[Site "Salon"]
[Date "2013.07.11"]
[Round "8"]
[White "Benavides, Jeremy"]
[Black "Porte, Jacques"]
[Result "1-0"]
[WhiteElo "1788"]
[BlackElo "1535"]
[PlyCount "69"]

1. e4 e5 2. Nf3 Nc6 3. Bb5 d6 4. h3 Bd7 5. O-O Nf6 6. Re1 Be7 7. c3 a6 8. Ba4
b5 9. Bb3 O-O 10. d4 Na5 11. Bc2 exd4 12. cxd4 Be6 13. d5 Bd7 14. b3 c6 15.
dxc6 Bxc6 16. Bb2 Nb7 17. Nc3 Nd7 18. Nd4 Rc8 19. Nxc6 Rxc6 20. Nd5 Ne5 21. Rc1
Bg5 22. f4 Bh4 23. fxe5 Bxe1 24. Qxe1 dxe5 25. Bxe5 Rg6 26. Bf4 Rc6 27. Qd2 h6
28. e5 Nc5 29. b4 Ne6 30. Qd3 Rxc2 31. Rxc2 Nxf4 32. Nxf4 Qb6+ 33. Kh2 g5 34.
Nd5 Qe6 35. Nf6+ 1-0

[Event "4eme open Provence A"]
[Site "Salon"]
[Date "2013.07.12"]
[Round "9"]
[White "Saez, Frederic"]
[Black "Faure, Alexandre"]
[Result "1/2-1/2"]
[WhiteElo "2290"]
[BlackElo "1872"]
[PlyCount "39"]

1. e4 e6 2. d4 d5 3. Nc3 Nf6 4. Bg5 Be7 5. e5 Nfd7 6. Bxe7 Qxe7 7. f4 O-O 8.
Nf3 c5 9. Qd2 Nc6 10. dxc5 Qxc5 11. Nb5 a6 12. Nbd4 Nxd4 13. Nxd4 Qb6 14. O-O-O
f6 15. Qe3 Nc5 16. Bd3 Na4 17. b3 Nc5 18. g4 a5 19. a4 Bd7 20. Rhe1 1/2-1/2